Statistics for World Cup Teams That Have Made The Semi Finals

Click here to take the quiz!

General Stats

  • This quiz has been taken 371 times
    (261 since last reset)
  • The average score is 20 of 25

Answer Stats

#Country% Correct
7France
100%
11Brazil
98%
6Argentina
97%
13Germany
97%
8Italy
93%
2Spain
92%
5Uruguay
91%
3Croatia
90%
3England
90%
2Portugal
90%
5Netherlands
88%
1Morocco
86%
2Belgium
83%
1United States
81%
1Soviet Union
80%
4Sweden
79%
1South Korea
75%
2Poland
72%
1Chile
68%
2Hungary
67%
1Turkey
67%
2Yugoslavia
66%
2Austria
60%
2Czechoslovakia
60%
1Bulgaria
54%

Score Distribution

Percentile by Number Answered

Percent of People with Each Score

Your Score History

You have not taken this quiz since the last reset